书目信息 |
| 题名: |
MBA/MPA/MPAcc联考与经济类联考同步复习指导系列
|
|
| 作者: | 赵鑫全 编 ;鑫全工作室图书策划委员会 编 | |
| 分册: | 2017版 写作分册 | |
| 出版信息: | 北京 机械工业出版社 2016 |
|
| 页数: | 361页 | |
| 开本: | 26cm | |
| 丛书名: | 考试名家指导 | |
| 单 册: | ||
| 中图分类: | G642.474 , H152 | |
| 科图分类: | ||
| 主题词: | 硕士生入学考试--shuo shi sheng ru xue kao shi--升学参考资料 , 汉语--han yu--写作--硕士生入学考试--升学参考资料 | |
| 电子资源: | ||
| ISBN: | 978-7-111-53298-9 | |
| 000 | 02037nam 2200349 450 | |
| 001 | 012001010208 | |
| 005 | 20191107103926.68 | |
| 010 | @a978-7-111-53298-9@dCNY49.00 | |
| 099 | @aCAL 012016045416 | |
| 100 | @a20160419d2016 ekmy0chiy50 ea | |
| 101 | 0 | @achi |
| 102 | @aCN@b110000 | |
| 105 | @aa z 000yy | |
| 106 | @ar | |
| 200 | 1 | @aMBA/MPA/MPAcc联考与经济类联考同步复习指导系列@AMBA/MPA/MPAcc lian kao yu jing ji lei lian kao tong bu fu xi zhi dao xi lie@i写作分册@h2017版@f鑫全工作室图书策划委员会编@g主编赵鑫全 |
| 205 | @a第15版 | |
| 210 | @a北京@c机械工业出版社@d2016 | |
| 215 | @a361页@c图@d26cm | |
| 225 | 2 | @a考试名家指导@Akao shi ming jia zhi dao |
| 300 | @a全新改版 | |
| 330 | @a本书按照最新的管理类联考与经济类联考考试大纲的要求编写而成,管理类联考包括工商管理硕士(MBA)、公共管理硕士(MPA)、会计硕士(MPAcc)、审计硕士、工程管理硕士、旅游管理硕士及图书情报硕士7个专业。经济类联考包括金融硕士、应用统计硕士、税务硕士、国际商务硕士、保险硕士及资产评估硕士6个专业。全书主要包括论证有效性分析写作和论说文写作两大部分内容,具有很强的应试性、实用性和可操作性。本书突破以往同类辅导用书编写的模式,结合考生的实际情况,阐述了相关的写作策略和具体的写作步骤,深刻剖析了联考写作的关键环节,精心打造系列写作公式和写作模板,并提供了经典的写作范文,具有一定的针对性和指导性。本书作者具有多年的考试辅导经验,对考生写作方面的薄弱环节十分了解。考生只要认真研读本书,就 | |
| 333 | @a参加相关研究生考试考生己的写作能力。 | |
| 410 | 0 | @12001 @a考试名家指导 |
| 516 | 1 | @a2017MBA/MPA/MPAcc联考与经济类联考同步复习指导系列@i写作分册@A2017MBA/MPA/MPAc lian kao yu jing ji lei lian kao tong bu fu xi zhi dao xi lie |
| 606 | 0 | @a硕士生入学考试@Ashuo shi sheng ru xue kao shi@j升学参考资料 |
| 606 | 0 | @a汉语@Ahan yu@x写作@x硕士生入学考试@j升学参考资料 |
| 690 | @aG642.474@v5 | |
| 690 | @aH152@v5 | |
| 701 | 0 | @a赵鑫全@Azhao xin quan@4编 |
| 712 | 02 | @a鑫全工作室图书策划委员会@Axin quan gong zuo shi tu shu ce hua wei yuan hui@4编 |
| 801 | 2 | @aCN@b上海新华@c20191020 |
| 905 | @b1136016-9@dG642.474@e1368(2017)=15@f4 | |
| MBA/MPA/MPAcc联考与经济类联考同步复习指导系列.写作分册.2017版/鑫全工作室图书策划委员会编/主编赵鑫全.-第15版.-北京:机械工业出版社,2016 |
| 361页:图;26cm.-(考试名家指导) |
| 全新改版.-使用对象:参加相关研究生考试考生己的写作能力。 |
| ISBN 978-7-111-53298-9:CNY49.00 |
| 本书按照最新的管理类联考与经济类联考考试大纲的要求编写而成,管理类联考包括工商管理硕士(MBA)、公共管理硕士(MPA)、会计硕士(MPAcc)、审计硕士、工程管理硕士、旅游管理硕士及图书情报硕士7个专业。经济类联考包括金融硕士、应用统计硕士、税务硕士、国际商务硕士、保险硕士及资产评估硕士6个专业。全书主要包括论证有效性分析写作和论说文写作两大部分内容,具有很强的应试性、实用性和可操作性。本书突破以往同类辅导用书编写的模式,结合考生的实际情况,阐述了相关的写作策略和具体的写作步骤,深刻剖析了联考写作的关键环节,精心打造系列写作公式和写作模板,并提供了经典的写作范文,具有一定的针对性和指导性。本书作者具有多年的考试辅导经验,对考生写作方面的薄弱环节十分了解。考生只要认真研读本书,就 |
| ● |
| 相关链接 |
|
|
|
|
正题名:MBA/MPA/MPAcc联考与经济类联考同步复习指导系列
索取号:G642.474/1368(2017)=15
 
预约/预借
| 序号 | 登录号 | 条形码 | 馆藏地/架位号 | 状态 | 备注 |
| 1 | 1136016 | 211360169 | 第一样本阅览室/ [索取号:G642.474/1368(2017)=15] | 在馆 | |
| 2 | 1136017 | 211360178 | 第四借阅区/ [索取号:G642.474/1368(2017)=15] | 在馆 | |
| 3 | 1136018 | 211360187 | 第四借阅区/ [索取号:G642.474/1368(2017)=15] | 在馆 | |
| 4 | 1136019 | 211360196 | 第四借阅区/ [索取号:G642.474/1368(2017)=15] | 在馆 |